00511nam a22001937a 450000500170000001000130001702000100003003500130004003700160005304000120006908200110008110000170009224500400010926000350014927000680018430000210025265000260027365000180029920170124110125.0 aA-456754 c00.00 aA-456754 bCen Lib/Ret aDPLbEN aNbMUR aMurari, T. N aEnduring affairs /cby T. N. Murari aNew DelhibPenguin Booksc1990 a72-B Himalaya House, 23 Kasturba Gandhi MargbNew Delhie110001 a333p. c21cm(Hb) aLiterature -- Fiction aEnglish Novel